000 00580nam a2200229Ia 4500
003 OSt
005 20220924145829.0
006 a|||||r|||| 00| 0
007 ta
008 220923b |||||||| |||| 00| 0 tel d
024 _a330504
037 _cTextual
040 _aARTS
_cARTS
_btel
041 _2tel
_atel
082 _aO152,3M90,2, 35M3
100 _aGurudatt Au.
_9220674
245 0 _aPushyamitra
260 _c1983
650 _aHINDI LITERATURE
_923866
942 _hO152,3M90,2, 35M3
_cTEXL
_2CC
999 _c461323
_d461323